LIBRARY & INFORMATION CENTRE, KCAET, TAVANUR

ONLINE PUBLIC ACCESS CATALOGUE (OPAC)

Advanced Practical Physics for Students (Record no. 16275)

MARC details
000 -LEADER
fixed length control field 00268nam a22000977a 4500
003 - CONTROL NUMBER IDENTIFIER
control field OSt
008 - FIXED-LENGTH DATA ELEMENTS--GENERAL INFORMATION
fixed length control field 200629b ||||| |||| 00| 0 eng d
100 ## - MAIN ENTRY--AUTHOR NAME
Personal name Bernard Lister Worsnop, ‎Henry Thomas Flint
245 ## - TITLE STATEMENT
Title Advanced Practical Physics for Students
942 ## - ADDED ENTRY ELEMENTS (KOHA)
Koha item type Books
Holdings
Withdrawn status Lost status Damaged status Home library Current library Date acquired Accession Number Koha item type
Withdrawn   Damaged KAUAET KAUAET 29/06/2020 7623 Books
free website counter